| 000 | 01614nam a2200337 i 4500 | ||
|---|---|---|---|
| 003 | DO-SdBNP | ||
| 005 | 20240422091540.0 | ||
| 006 | a||||gr|||| 00| 0 | ||
| 007 | ta | ||
| 008 | 240419e2017 dr aoc|| |||| 00| 0 eng d | ||
| 040 |
_aDO-SdBNP _bspa _cBNPHU _erda |
||
| 082 | 4 |
_222 _bB443m |
|
| 245 | 1 | 0 |
_aMemoria histórica en la comunidad bateyana de Altagracia: _bestudio memoria histórica, identidad y patrimonio en 5 comunidades bateyanas en la República Dominicana / _cCamila Belliard Quiroga; prólogo, Cristina Luis Francisca. |
| 246 | 1 | 4 | _aMemoria histórica en la comunidad bateyana de Altagracia. |
| 264 | 1 |
_a[Santo Domingo] : _bAECID-MUDHA, _c2017 |
|
| 300 |
_a20 páginas : _bIlustraciones, fotografías, retratos ; _c27 |
||
| 336 |
_2rdacontent _atexto _btxt |
||
| 337 |
_2rdamedia _asin mediación _bn |
||
| 338 |
_2rdacarrier _avolumen _bnc |
||
| 500 | _aProyecto "Promoviendo el Arte y la Cultura para el fortalecimiento de la identidad y el ejercicio de los DDHH fundamentales en las Comunidades Bateyanas de la República Dominicana" AECID- MUDHA. | ||
| 500 | _aIncluye pie de fotos. | ||
| 504 | _aBibliografía: página 20 | ||
| 590 | _aInventariado 2024 / MF | ||
| 650 |
_aMigración haitiana _zRepública Dominicana _985291 |
||
| 650 | 4 |
_aIdentidad Cultural Dominicana _981177 |
|
| 650 | 4 |
_aEstudios Demográficos _xMigración haitiana _zRepública Dominicana _985292 |
|
| 650 | 4 |
_aGeopolítica _xMigración haitiana _zRepública Dominicana _980869 |
|
| 651 | 4 |
_aRepública Dominicana _xIdentidad Cultural _985289 |
|
| 700 | 1 |
_aLuis Francisca, Cristina, _985290 _eprólogo |
|
| 942 |
_2ddc _cLF2 |
||
| 999 |
_c56470 _d56470 |
||